Heat and mass transfer (Record no. 5861)

000 -LEADER
fixed length control field 00529nam a2200205 4500
001 - CONTROL NUMBER
control field 5861
003 - CONTROL NUMBER IDENTIFIER
control field BD-DhUET
008 - FIXED-LENGTH DATA ELEMENTS--GENERAL INFORMATION
fixed length control field 700409m19679999is a b 000 0 eng
040 ## - CATALOGING SOURCE
Original cataloging agency DLC
Transcribing agency DLC
Modifying agency BD-DhUET
082 00 - DEWEY DECIMAL CLASSIFICATION NUMBER
Classification number 621.011
Item number ECK/1959
100 ## - MAIN ENTRY--PERSONAL NAME
Personal name Eckert, R. R. G.
245 00 - TITLE STATEMENT
Title Heat and mass transfer
250 ## - EDITION STATEMENT
Edition statement 2nd ed.
260 ## - PUBLICATION, DISTRIBUTION, ETC. (IMPRINT)
Place of publication, distribution, etc. New York
Name of publisher, distributor, etc. McGraw-Hill
Date of publication, distribution, etc. 1959
300 ## - PHYSICAL DESCRIPTION
Extent xiv, 530p.
490 1# - SERIES STATEMENT
Series statement McGraw-Hill series in mechanical engineering
650 #0 - SUBJECT ADDED ENTRY--TOPICAL TERM
Topical term or geographic name as entry element Heat-Transmission
700 ## - ADDED ENTRY--PERSONAL NAME
Personal name Drake, Robert M.
942 ## - ADDED ENTRY ELEMENTS (KOHA)
Koha item type General Book
Holdings
Price effective from Koha date last borrowed Copy number Koha normalized classification for sorting Source of classification or shelving scheme Lost status Damaged status Date acquired Location (home branch) Koha issues (times borrowed) Piece designation (barcode) Sublocation or collection (holding branch) Koha item type Shelving location Not for loan Withdrawn status Koha date last seen Koha full call number
2014-11-29  621_011000000000000_ECK_1959   2014-11-29Central Library, BUET 36668Central Library, BUETGeneral BookCirculation section  2014-11-29621.011/ECK/1959
2014-12-03 2621_000000000000000_011ECK1959   2014-12-03Central Library, BUET 14884Central Library, BUETGeneral BookCirculation section  2014-12-03621.011/ECK/1959
2015-04-12 3621_011000000000000_ECK_1959   2015-04-12Central Library, BUET 11302Central Library, BUETGeneral BookCirculation section  2015-04-12621.011/ECK/1959
2015-04-12 4621_011000000000000_ECK_1959   2015-04-12Central Library, BUET 31276Central Library, BUETGeneral BookCirculation section  2015-04-12621.011/ECK/1959
2015-04-12 5621_011000000000000_ECK_1959   2015-04-12Central Library, BUET 31274Central Library, BUETGeneral BookCirculation section  2015-04-12621.011/ECK/1959
2015-04-12 6621_011000000000000_ECK_1959   2015-04-12Central Library, BUET 31271Central Library, BUETGeneral BookCirculation section  2015-04-12621.011/ECK/1959
2015-04-12 7621_011000000000000_ECK_1959   2015-04-12Central Library, BUET 31272Central Library, BUETGeneral BookCirculation section  2015-04-12621.011/ECK/1959
2015-04-132020-03-028621_011000000000000_ECK_1959   2015-04-13Central Library, BUET131277Central Library, BUETGeneral BookCirculation section  2021-11-28621.011/ECK/1959
2015-04-13 9621_011000000000000_ECK_1959   2015-04-13Central Library, BUET 11301Central Library, BUETGeneral BookCirculation section  2015-04-13621.011/ECK/1959
2015-04-13 10621_011000000000000_ECK_1959   2015-04-13Central Library, BUET 11303Central Library, BUETGeneral BookCirculation section  2015-04-13621.011/ECK/1959
2015-04-13 11621_011000000000000_ECK_1959   2015-04-13Central Library, BUET 24625Central Library, BUETGeneral BookCirculation section  2015-04-13621.011/ECK/1959
2015-04-13 12621_011000000000000_ECK_1959   2015-04-13Central Library, BUET 7652Central Library, BUETGeneral BookCirculation section  2015-04-13621.011/ECK/1959
2015-04-13 13621_011000000000000_ECK_1959   2015-04-13Central Library, BUET 24320Central Library, BUETGeneral BookCirculation section  2015-04-13621.011/ECK/1959
2015-04-13 14621_011000000000000_ECK_1959   2015-04-13Central Library, BUET 24976Central Library, BUETGeneral BookCirculation section  2015-04-13621.011/ECK/1959
2015-04-13 15621_011000000000000_ECK_1959   2015-04-13Central Library, BUET 31275Central Library, BUETGeneral BookCirculation section  2015-04-13621.011/ECK/1959
2015-06-16 16621_011000000000000_ECK_1959   2015-06-16Central Library, BUET 7655Central Library, BUETGeneral BookReading section  2015-06-16621.011/ECK/1959